[Event "Vsetin op 45th"]
[Site "Vsetin"]
[Date "2020.07.09"]
[Round "8"]
[White "Juricek, Stanislav"]
[Black "Paseka, Matyas"]
[Result "1-0"]
[WhiteElo "2065"]
[BlackElo "1965"]
[PlyCount "183"]
[EventDate "2020.07.04"]
[EventType "swiss"]
[EventRounds "9"]
[EventCountry "CZE"]
[SourceTitle "CBM 197 Extra"]
[Source "ChessBase"]
[SourceDate "2020.09.30"]
[SourceVersion "1"]
[SourceVersionDate "2020.09.30"]
[SourceQuality "1"]

1. e4 c5 2. Nf3 Nc6 3. d3 e6 4. g3 d5 5. Nbd2 Nf6 6. Bg2 Be7 7. 0-0 0-0 8. Re1 a6 9. e5 Nd7 10. h4 b5 11. Nf1 Qc7 12. Bf4 d4 13. h5 Bb7 14. N1h2 Nb6 15. h6 g6 16. Ng4 Nd5 17. Bg5 Rac8 18. Qd2 Rfd8 19. Bxe7 Ncxe7 20. Qg5 Nf5 21. Nh4 Qe7 22. Nf6+ Kh8 23. Nxf5 exf5 24. Nxh7 Kxh7 25. Qxe7 Nxe7 26. Bxb7 Rb8 27. Bf3 Kxh6 28. Kg2 Rb6 29. Re2 g5 30. Rh1+ Kg7 31. g4 Ng6 32. gxf5 Nf4+ 33. Kg3 Nxe2+ 34. Bxe2 Rd5 35. f6+ Kg8 36. f4 Re6 37. Rh5 gxf4+ 38. Kxf4 Rd8 39. Bg4 Rb6 40. Bf5 c4 41. b3 cxb3 42. cxb3 b4 43. Rh2 a5 44. Rc2 Rb5 45. Rg2+ Kf8 46. e6 Rxf5+ 47. Kxf5 Rd5+ 48. Ke4 fxe6 49. Rg7 Rf5 50. Ra7 Rd5 51. Rc7 Kg8 52. Re7 Rf5 53. Rxe6 Rf2 54. Ra6 Rxa2 55. Kxd4 Kf7 56. Ke5 Re2+ 57. Kd5 Rb2 58. Kc4 Rc2+ 59. Kb5 Rc3 60. Ka4 Rxd3 61. Rxa5 Kxf6 62. Kxb4 Ke6 63. Rc5 Kd6 64. Rc1 Re3 65. Ka4 Re8 66. b4 Ra8+ 67. Kb3 Rb8 68. Rc5 Ra8 69. Kc4 Ra1 70. Kb5 Ra8 71. Rc6+ Kd5 72. Rb6 Ra1 73. Rb8 Kd6 74. Kb6 Rb1 75. b5 Kd7 76. Rb7+ Kd6 77. Rh7 Rb2 78. Rh5 Ra2 79. Kb7 Ra5 80. Rh6+ Kd7 81. b6 Ra1 82. Rh2 Rb1 83. Rd2+ Ke7 84. Kc7 Rc1+ 85. Kb8 Rb1 86. b7 Ra1 87. Rd4 Rc1 88. Ka7 Ra1+ 89. Kb6 Rb1+ 90. Kc6 Ke6 91. Re4+ Kf5 92. Re8 1-0

[Event "Vsetin op 44th"]
[Site "Vsetin"]
[Date "2019.07.04"]
[Round "7"]
[White "Juricek, Stanislav"]
[Black "Frank, Adam"]
[Result "1-0"]
[WhiteElo "2044"]
[BlackElo "2125"]
[PlyCount "47"]
[EventDate "2019.06.29"]
[EventType "swiss"]
[EventRounds "9"]
[EventCountry "CZE"]
[SourceTitle "CBM 191 Extra"]
[Source "ChessBase"]
[SourceDate "2019.09.30"]
[SourceVersion "1"]
[SourceVersionDate "2019.09.30"]
[SourceQuality "1"]

1. e4 d6 2. d4 Nf6 3. Nc3 g6 4. f4 Bg7 5. Nf3 0-0 6. Bd3 b6 7. 0-0 Bb7 8. e5 Ne8 9. Ne4 c5 10. c3 Nc7 11. exd6 exd6 12. f5 Bxe4 13. Bxe4 d5 14. Bd3 Nc6 15. Bg5 Bf6 16. Bxf6 Qxf6 17. Ne5 Qd6 18. Nxc6 Qxc6 19. Qd2 Rae8 20. Qh6 Re4 21. Rf3 Rfe8 22. Raf1 Re1 23. f6 Rxf1+ 24. Bxf1 1-0

[Event "Bezmerov Bastinec Memorial-A"]
[Site "Bezmerov"]
[Date "2019.01.25"]
[Round "2"]
[White "Hradsky, Ales"]
[Black "Juricek, Stanislav"]
[Result "1/2-1/2"]
[WhiteElo "1813"]
[BlackElo "2079"]
[PlyCount "81"]
[EventDate "2019.01.25"]
[EventType "swiss"]
[EventRounds "5"]
[EventCountry "CZE"]
[SourceTitle "CBM 188 Extra"]
[Source "ChessBase"]
[SourceDate "2019.02.26"]
[SourceVersion "1"]
[SourceVersionDate "2019.02.26"]
[SourceQuality "1"]

1. e4 e5 2. Nf3 Nc6 3. d4 exd4 4. Bc4 Nf6 5. 0-0 Nxe4 6. Re1 d5 7. Bxd5 Qxd5 8. Nc3 Qa5 9. Nxe4 Be6 10. Bg5 Be7 11. Bxe7 Nxe7 12. Neg5 0-0-0 13. Nxe6 fxe6 14. Rxe6 Nc6 15. Qe2 Qd5 16. a3 d3 17. cxd3 Qxd3 18. Re1 Qxe2 19. R6xe2 Nd4 20. Nxd4 Rxd4 21. f3 Rhd8 22. Kf2 c6 23. Re7 R8d7 24. Rxd7 Kxd7 25. Ke3 c5 26. Rc1 Kd6 27. g4 Kd5 28. h4 b5 29. Rc3 a5 30. h5 c4 31. Ke2 b4 32. axb4 axb4 33. Re3 Kd6 34. Re8 Kc7 35. Re7+ Kc6 36. Rxg7 c3 37. bxc3 bxc3 38. Rg8 Kb7 39. Rg5 Kb6 40. Rg8 Kb7 41. Rg5 1/2-1/2

[Event "Ceske Budejovice op"]
[Site "Ceske Budejovice"]
[Date "2018.06.22"]
[Round "2"]
[White "Pisk, Petr"]
[Black "Juricek, Stanislav"]
[Result "1/2-1/2"]
[WhiteElo "2329"]
[BlackElo "2091"]
[PlyCount "42"]
[EventDate "2018.06.21"]
[EventType "swiss"]
[EventRounds "9"]
[EventCountry "CZE"]
[SourceTitle "CBM 185 Extra"]
[Source "ChessBase"]
[SourceDate "2018.07.29"]
[SourceVersion "1"]
[SourceVersionDate "2018.07.29"]
[SourceQuality "1"]

1. d4 Nf6 2. Nf3 d5 3. g3 c5 4. Bg2 Nc6 5. 0-0 e6 6. c4 dxc4 7. dxc5 Bxc5 8. Qxd8+ Kxd8 9. Nbd2 Ke7 10. Nxc4 Bd7 11. Nce5 Rhd8 12. Nd3 Bd6 13. Bf4 Rac8 14. Rac1 b6 15. Rfd1 Bxf4 16. gxf4 Nb8 17. Nfe5 Rxc1 18. Rxc1 Rc8 19. Rxc8 Bxc8 20. Kf1 Nfd7 21. Ke1 f6 1/2-1/2

[Event "CZE-chT2E 1718"]
[Site "Czech Republic"]
[Date "2018.02.25"]
[Round "9.8"]
[White "Kasik, Miroslav1111"]
[Black "Juricek, Stanislav"]
[Result "1/2-1/2"]
[WhiteElo "1958"]
[BlackElo "2072"]
[PlyCount "106"]
[EventDate "2017.10.15"]
[EventType "team-tourn"]
[EventRounds "11"]
[EventCountry "CZE"]
[SourceTitle "EXT 2022"]
[Source "ChessBase"]
[SourceDate "2021.10.06"]
[SourceVersion "1"]
[SourceVersionDate "2021.10.06"]
[SourceQuality "1"]
[WhiteTeam "Kromeriz Slavia II"]
[BlackTeam "Vsetin"]
[WhiteTeamCountry "CZE"]
[BlackTeamCountry "CZE"]

1. e4 e5 2. Nf3 Nc6 3. Bb5 a6 4. Bxc6 dxc6 5. d4 exd4 6. Qxd4 Qxd4 7. Nxd4 c5 8. Ne2 Bd6 9. Bf4 f6 10. Nd2 Be6 11. Bxd6 cxd6 12. Nf4 Bf7 13. 0-0 Ne7 14. Rfd1 0-0-0 15. Nf1 d5 16. exd5 Nxd5 17. Nxd5 Rxd5 18. Rxd5 Bxd5 19. Ne3 Be6 20. a3 Rd8 21. Rd1 Rd4 22. c3 Rxd1+ 23. Nxd1 Kc7 24. f3 Kc6 25. Kf2 Kb5 26. Ke2 Ka4 27. Kd2 Kb3 28. Kc1 a5 29. Ne3 a4 30. Nf1 Kc4 31. Kd2 f5 32. Kc2 f4 33. Nd2+ Kd5 34. Kd3 Bf5+ 35. Ke2 g5 36. Kf2 Bd3 37. g3 b5 38. gxf4 gxf4 39. Kg2 Bf5 40. Kf2 h5 41. h4 Bd3 42. Ke1 Ke5 43. Kd1 Ke6 44. Ke1 Kd6 45. Kd1 Kd5 46. Ke1 Ke5 47. Kd1 b4 48. Ke1 bxa3 49. bxa3 Kd5 50. Kd1 Bf5 51. Ke2 Bg6 52. Kd1 Bd3 53. Ke1 Ke5 1/2-1/2

[Event "Valasska Bystrice op"]
[Site "Valasska Bystrice"]
[Date "2017.09.13"]
[Round "6"]
[White "Juricek, Stanislav"]
[Black "Karlik, Vladimir"]
[Result "1/2-1/2"]
[WhiteElo "2051"]
[BlackElo "2231"]
[PlyCount "52"]
[EventDate "2017.09.09"]
[EventType "swiss"]
[EventRounds "9"]
[EventCountry "CZE"]
[SourceTitle "CBM 180 Extra"]
[Source "ChessBase"]
[SourceDate "2017.10.06"]
[SourceVersion "1"]
[SourceVersionDate "2017.10.06"]
[SourceQuality "1"]

1. c4 d6 2. Nc3 g6 3. g3 Bg7 4. Bg2 Nf6 5. Nf3 0-0 6. d3 e5 7. 0-0 Nc6 8. Rb1 a5 9. a3 h6 10. b4 axb4 11. axb4 Be6 12. b5 Ne7 13. Bb2 Nd7 14. Nd2 c6 15. bxc6 bxc6 16. Ra1 Qc7 17. Qc2 Rxa1 18. Rxa1 Rb8 19. Ra2 Rb7 20. Bc1 d5 21. Bb2 Nf5 22. Na4 Ra7 23. Ra1 dxc4 24. Nxc4 Nd4 25. Bxd4 exd4 26. Rb1 Bd5 1/2-1/2

[Event "Valasska Bystrice op"]
[Site "Valasska Bystrice"]
[Date "2016.09.17"]
[Round "9"]
[White "Susen, Jaroslav"]
[Black "Juricek, Stanislav"]
[Result "0-1"]
[WhiteElo "1789"]
[BlackElo "2072"]
[PlyCount "162"]
[EventDate "2016.09.10"]
[EventType "swiss"]
[EventRounds "9"]
[EventCountry "CZE"]
[SourceTitle "CBM 174 Extra"]
[Source "ChessBase"]
[SourceDate "2016.10.10"]
[SourceVersion "1"]
[SourceVersionDate "2016.10.10"]
[SourceQuality "1"]

1. d4 Nf6 2. c4 e6 3. Nc3 Bb4 4. Bd2 d5 5. e3 0-0 6. Nf3 Re8 7. Qc2 Nbd7 8. Bd3 c6 9. a3 Bd6 10. 0-0 Qe7 11. Rfe1 dxc4 12. Bxc4 e5 13. Ng5 Rf8 14. Bd3 h6 15. Nge4 Bb8 16. Rac1 Rd8 17. Ne2 Nxe4 18. Bxe4 Nf6 19. Bb4 Qe6 20. Ng3 Nxe4 21. Nxe4 Qg6 22. Ng3 Qxc2 23. Rxc2 exd4 24. exd4 Be6 25. Bc3 Bc7 26. Rce2 Bb6 27. Re4 Rd5 28. Re5 Rd7 29. f4 Rxd4 30. Bxd4 Bxd4+ 31. R5e3 Re8 32. Kh1 Bxe3 33. Rxe3 Kf8 34. Kg1 g6 35. Kf2 Rd8 36. Re2 Bc4 37. Rc2 Bb3 38. Re2 Bc4 39. Rc2 Bd5 40. Rd2 Ke7 41. Ne2 Be4 42. Rxd8 Kxd8 43. g3 Kd7 44. Ke3 Bf5 45. Kd4 Bg4 46. Nc1 Ke6 47. Nd3 Kd6 48. Nc5 b6 49. Ne4+ Ke6 50. Nc3 Bf3 51. Ke3 Bd5 52. Kd4 h5 53. Nd1 c5+ 54. Kc3 Bc6 55. Ne3 Bf3 56. Kd3 f6 57. Kc3 Be4 58. Kc4 Bc6 59. Kd3 b5 60. Kc3 Be4 61. Kd2 a5 62. Kc3 a4 63. Nd1 h4 64. Ne3 h3 65. Nd1 g5 66. Ne3 gxf4 67. gxf4 Bf5 68. b3 axb3 69. Kxb3 Bd3 70. Kc3 Be2 71. Kd2 Bf3 72. Kd3 Kd6 73. Nf5+ Kd7 74. Ne3 Kc6 75. Kc3 Be4 76. Ng4 f5 77. Ne5+ Kd5 78. Nd7 Bf3 79. Nf6+ Ke6 80. Ne8 Bc6 81. Kd3 Bxe8 0-1

[Event "Plzen op 7th"]
[Site "Plzen"]
[Date "2015.11.28"]
[Round "7"]
[White "Gouma, Ronald"]
[Black "Juricek, Stanislav"]
[Result "0-1"]
[WhiteElo "1897"]
[BlackElo "2107"]
[PlyCount "88"]
[EventDate "2015.11.22"]
[EventType "swiss"]
[EventRounds "7"]
[EventCountry "CZE"]
[SourceTitle "CBM 169 Extra"]
[Source "ChessBase"]
[SourceDate "2015.12.18"]
[SourceVersion "1"]
[SourceVersionDate "2015.12.18"]
[SourceQuality "1"]

1. e4 e5 2. Nf3 Nc6 3. d4 exd4 4. Nxd4 Bc5 5. Be3 Qf6 6. c3 Nge7 7. g3 d5 8. Bg2 dxe4 9. Nd2 Bb6 10. Nxe4 Qg6 11. 0-0 0-0 12. Nxc6 Nxc6 13. Bxb6 axb6 14. f4 Bf5 15. Nf2 Rfd8 16. Qc1 h5 17. Rd1 Qe6 18. Re1 Qc4 19. b3 Qc5 20. b4 Qc4 21. Bf1 Qd5 22. Rd1 Qf3 23. Re1 Qd5 24. Rd1 Qe6 25. Re1 Qf6 26. Bg2 Rd7 27. Qb2 Qd8 28. Rad1 Rxd1 29. Nxd1 Qd3 30. Nf2 Qc4 31. a3 g6 32. Bf1 Qd5 33. Bg2 Qd7 34. Bf3 Kf8 35. Kg2 Re8 36. Rd1 Qe6 37. h3 Qf6 38. g4 Bc8 39. gxh5 Qxf4 40. hxg6 Re3 41. g7+ Kxg7 42. Bxc6 bxc6 43. c4+ f6 44. Rf1 Rg3+ 0-1